| 000 | 00425nam a2200109Ia 4500 | ||
|---|---|---|---|
| 008 | 160909s9999 xx 000 0 und d | ||
| 100 | _aFoster, Robert Allen | ||
| 245 | 3 | _aAn exploratory qualitative study of the four constructs of interaction and globally dispersed virtual teams | |
| 260 |
_bCapella University. _c2016 |
||
| 650 | _aInformation Technology | ||
| 856 | _uhttp://pqdtopen.proquest.com/doc/1809787821.html?FMT=ABS | ||
| 999 |
_c303789 _d303789 |
||